000 00244 a2200097 4500
001 26410
100 _aAziz Ghulam Rabbani
245 _aA short history of the khwangzm shah
260 _a
_bPakistan historical society
_c
090 _c17747
_d17747
942 _aNUST-CAE
_cM
_c8610
999 _c261483
_d261483